000 00257nam a2200097Ia 4500
001 1101624
005 20250827003304.0
008 250824s9999 xx 000 0 und d
245 0 _aALLAH SİZİN SAHİBİNİZDİR
_cUĞUR KOŞAR
260 _bDESTEK YAYINLARI
999 _c1101624
_d1101624